000 00260pam a2200121 a 4500
020 _c
041 _aeng
100 _aBildwin Earl.
245 _aScience In War
_hTextual Documents
260 _aNew York
_bPenguin Books Ltd
300 _a140p.
930 _a15234
999 _c92134
_d92134